01138nam a2200325 a 4500008004100000020001800041041000800059100001700067245009800084250001100182260003500193300001100228500015400239653001200393653000900405653001600414653002300430653003200453653003700485653003200522653003600554653002700590653002300617653003600640653003600676653001500712653004300727653002300770700001900793130729s2013 ag ||||| |||| 00| 0 spa d a9788415684138 aspa1 aJoo, Shirley aManual Washington de especialidades clínicas.bAlergia, asma e inmunología /cShirley Joo a2a ed. aBarcelona:bLippincott;c2013. a205 p. aJoo, S. y Kau, A. L. (Col.). (2013). Manual Washington de especialidades clínicas. Alergia, asma e inmunología. (2a ed.). Barcelona : Lippincott. aAlergia aAsma aInmunologia aInmunologia basica aRinitis alegica y sinusitis aNeumonitis por hipersensibilidad aPruebas de funcion pulmonar aPruebas diagnosticas de alergia aUrticaria y angioedema aDermatitis atopica aDermatitis de contacto alergica aEnfermedades oculares alergicas aAnafilaxia aAlergia a farmacos y desensibilizacion aAlergia e insectos1 aKau, Andrew L.